| 000 | 00485nam a2200169 i 4500 | ||
|---|---|---|---|
| 001 | 36206 | ||
| 003 | ES-MaACL | ||
| 005 | 20230906155326.0 | ||
| 007 | t| | ||
| 008 | 030217s1967 sp ||||1| spa d | ||
| 100 | 1 |
_aBrien, André. _931704 |
|
| 245 | 1 | 3 |
_aEl camino de la Fe / _cAndré Brien ; traducción de Julián Ruiz Díaz. |
| 260 |
_aMadrid : _bMarova, _c[1967] |
||
| 300 |
_a236 p. ; _c19 cm. |
||
| 700 | 1 |
_aRuiz Díaz, Julián. _9100786 |
|
| 852 |
_aES-MaACL _jC-33640 _bR.64523 |
||
| 999 |
_c36206 _d36206 |
||